000
00386nam a2200157Ia 4500
008
230116s9999 xx 000 0 und d
020
_a
0470204540
041
_a
eng
082
_a
720.22
100
_a
Deasy C M.
_9
106475
245
_a
Design For Human Affairs.
260
_b
John Willy And Sons New York.
_c
1974
300
_a
184
906
_b
37.0
999
_c
84063
_d
84063